| 000 | 00411cam a2200169ua 4500 | ||
|---|---|---|---|
| 020 | _c7.50 | ||
| 041 |
_aeng _h |
||
| 082 |
_a589.2 _bSRI/IN |
||
| 100 | _aSrivastava, J.P . | ||
| 245 |
_aIntroduction to fungi / _cJ.P.Srivastava. _hTextual Documents |
||
| 260 |
_aAllahabad : _bCentral book depot , _c1966. |
||
| 300 | _a314 ; . | ||
| 365 | _a7.50 | ||
| 504 | _a | ||
| 942 | _cBK | ||
| 999 |
_c1812 _d1812 |
||